000 01160nam a22002417a 4500
001 3678
003 FISKH
005 20240409095828.0
008 240409b cb ||||| |||| 00| 0 eng d
040 _aFISKH
_bkhr
_cFISKH
_dFISKH
050 _aPZ7
082 _a540
100 _aSokeng, Cheng
245 _aគីមីសរីរាង្គថ្នាក់ទី ១២ /
_cរៀបរៀងដោយ : ចេង សុខអេង
260 _aភ្នំពេញ :
_bបាក់ទូកថតចំលង,
_c២០០៩.
300 _a103 pages :
_c21 cm
520 _aសម្រាប់ប្រឡងឆមាសលើទី២ ថ្នាក់ជាតិ មានមេរៀនបង្ហាញក្បោះក្បាយ វិធីបកស្រាយលំហាត់ និងលំហាត់គំរូ។
520 _aFor the second semester exam at the national level, there are detailed lessons on how to interpret exercises and sample exercises.
650 _aមេរៀនគីមីសរីរាង្គ​
650 _aOrganic Chemistry Lessons​
942 _2ddc
_cKHB
_n0
999 _c3678
_d3678